000 00659nam a2200193 i 4500
001 95415
003 ES-MaACL
005 20250925165620.0
007 t|
008 050530s1924 sp ||||1| spa d
100 1 _aLlanos y Torriglia, Félix de,
_d1868-1949
_972719
245 1 0 _aUnos autógrafos de Don Bartolomé José Gallardo /
_cFélix de LLanos y Torriglia.
260 _aMadrid :
_b[s.n.],
_c1924 (
_fTip. de la "Rev. de Archivos, Bibliotecas y Museos)
300 _a35 p. ;
_c25 cm.
500 _aRevista de archivo 1 y 24.
600 1 4 _aGallardo, Bartolomé José,
_d1776-1852
_953478
852 _aES-MaACL
_j1669-F-15
999 _c95415
_d95415